[Event "CZE-chT2c 0405"]
[Site "Czech Republic"]
[Date "2004.12.05"]
[Round "4.2"]
[White "Jedlicka, Ales"]
[Black "Tobyas, Miroslav"]
[Result "1-0"]
[WhiteElo "2266"]
[BlackElo "2272"]
[PlyCount "77"]
[EventDate "2004.10.17"]
[EventType "team"]
[EventRounds "11"]
[EventCountry "CZE"]
[SourceTitle "EXT 2007"]
[Source "ChessBase"]
[SourceDate "2006.11.23"]
[SourceVersion "1"]
[SourceVersionDate "2006.11.23"]
[SourceQuality "1"]
[WhiteTeam "Polabiny"]
[BlackTeam "Praha Praga"]
[WhiteTeamCountry "CZE"]
[BlackTeamCountry "CZE"]

1. d4 d5 2. Nf3 Nf6 3. g3 e6 4. Bg2 Be7 5. c4 dxc4 6. 0-0 0-0 7. Qc2 a6 8. a4 Nc6 9. Qxc4 Qd5 10. Nbd2 Rd8 11. e3 Bd6 12. b3 Qh5 13. e4 e5 14. d5 Ne7 15. Re1 Bh3 16. Bb2 Ng4 17. Qf1 Bxg2 18. Kxg2 Bc5 19. Rec1 Bxf2 20. Qe2 Ba7 21. Rxc7 Ng6 22. Rxb7 Rd6 23. Rxa7 Rxa7 24. h3 Nh6 25. Rc1 Rd8 26. Rc6 Rda8 27. Nc4 f6 28. Bc1 Ne7 29. Rb6 Qe8 30. Bxh6 gxh6 31. Rxf6 Ng6 32. Nb6 Rb8 33. a5 Qe7 34. Re6 Qb4 35. Nxe5 Nxe5 36. Rxe5 Qxa5 37. Nc4 Qb4 38. Qe3 Qxb3 39. Re8+ 1-0

[Event "Steinitz Memorial-B 1st"]
[Site "Prague"]
[Date "2001.01.01"]
[Round "7"]
[White "Tobyas, Miroslav"]
[Black "Livshits, Gaby"]
[Result "1/2-1/2"]
[WhiteElo "2266"]
[BlackElo "2217"]
[PlyCount "33"]
[EventDate "2000.12.26"]
[EventType "tourn"]
[EventRounds "9"]
[EventCountry "CZE"]
[EventCategory "2"]
[SourceTitle "CBM 079 Extra"]
[Source "ChessBase"]
[SourceDate "2001.01.11"]
[SourceVersion "2"]
[SourceVersionDate "2001.01.25"]
[SourceQuality "1"]

1. d4 Nf6 2. c4 c5 3. d5 b5 4. cxb5 a6 5. b6 e6 6. Nc3 Nxd5 7. Nxd5 exd5 8. Qxd5 Nc6 9. Nf3 Rb8 10. e4 Be7 11. Bc4 0-0 12. 0-0 Rxb6 13. Qh5 d6 14. Ng5 Bxg5 15. Bxg5 Qe8 16. Rad1 Ne5 17. Be2 1/2-1/2

[Event "Steinitz Memorial-B 1st"]
[Site "Prague"]
[Date "2000.12.29"]
[Round "4"]
[White "Ustinov, Oleg"]
[Black "Tobyas, Miroslav"]
[Result "1/2-1/2"]
[WhiteElo "2225"]
[BlackElo "2266"]
[PlyCount "38"]
[EventDate "2000.12.26"]
[EventType "tourn"]
[EventRounds "9"]
[EventCountry "CZE"]
[EventCategory "2"]
[SourceTitle "CBM 079 Extra"]
[Source "ChessBase"]
[SourceDate "2001.01.11"]
[SourceVersion "2"]
[SourceVersionDate "2001.01.25"]
[SourceQuality "1"]

1. e4 c5 2. Nf3 Nc6 3. Bb5 e6 4. Bxc6 dxc6 5. e5 Ne7 6. b3 f5 7. exf6 gxf6 8. Nh4 Qd4 9. Qh5+ Ng6 10. Nxg6 Qe4+ 11. Kf1 Qxg6 12. Qxg6+ hxg6 13. Bb2 Kf7 14. Nc3 e5 15. Ne4 Be6 16. Re1 Be7 17. d3 g5 18. f3 Rad8 19. Nf2 b5 1/2-1/2

[Event "Steinitz Memorial-B 1st"]
[Site "Prague"]
[Date "2000.12.27"]
[Round "2"]
[White "Tobyas, Miroslav"]
[Black "Kopjonkin, Gennady"]
[Result "1-0"]
[WhiteElo "2266"]
[BlackElo "2378"]
[PlyCount "103"]
[EventDate "2000.12.26"]
[EventType "tourn"]
[EventRounds "9"]
[EventCountry "CZE"]
[EventCategory "2"]
[SourceTitle "CBM 079 Extra"]
[Source "ChessBase"]
[SourceDate "2001.01.11"]
[SourceVersion "2"]
[SourceVersionDate "2001.01.25"]
[SourceQuality "1"]

1. e4 c5 2. Nf3 Nc6 3. d4 cxd4 4. Nxd4 Nf6 5. Nc3 e5 6. Ndb5 d6 7. Nd5 Nxd5 8. exd5 Ne7 9. c3 Nf5 10. a4 Be7 11. Bd3 0-0 12. 0-0 g6 13. Qe2 Bd7 14. f4 a6 15. Na3 f6 16. Bxf5 Bxf5 17. Nc4 b5 18. Ne3 Bd7 19. a5 exf4 20. Rxf4 f5 21. Nc2 Re8 22. Rf1 Bf6 23. Qf2 Re4 24. Nb4 Qc7 25. Re1 Rxe1+ 26. Qxe1 Re8 27. Qf2 Qc4 28. Be3 Qe4 29. Re1 f4 30. Bd2 Qf5 31. Rxe8+ Bxe8 32. Nxa6 g5 33. Nb4 Bf7 34. a6 Qb1+ 35. Be1 Qa1 36. a7 Bd8 37. Kf1 Qa5 38. Qd4 Bb6 39. Qxb6 Qxb6 40. a8Q+ Kg7 41. Qc6 Qe3 42. Qxd6 f3 43. gxf3 Qxf3+ 44. Kg1 Qe3+ 45. Bf2 Qc1+ 46. Kg2 Qxb2 47. Qe5+ Kh6 48. d6 Qd2 49. Qd4 Qe2 50. d7 Bg6 51. d8Q Be4+ 52. Kg1 1-0

[Event "CZE-chT2b 0001"]
[Site "Czech Republic"]
[Date "2000.??.??"]
[Round "?"]
[White "Volfl, Zdenek"]
[Black "Tobyas, Miroslav"]
[Result "0-1"]
[WhiteElo "2335"]
[BlackElo "2300"]
[PlyCount "98"]
[EventDate "2000.??.??"]
[EventType "team"]
[EventRounds "11"]
[EventCountry "CZE"]
[SourceTitle "EXT 2003"]
[Source "ChessBase"]
[SourceDate "2002.11.25"]
[SourceVersion "1"]
[SourceVersionDate "2002.11.25"]
[SourceQuality "1"]

1. Nf3 f5 2. c4 Nf6 3. g3 g6 4. Bg2 Bg7 5. 0-0 0-0 6. Nc3 d6 7. d4 Nc6 8. d5 Ne5 9. Nxe5 dxe5 10. Qb3 h6 11. e4 f4 12. gxf4 Nh5 13. fxe5 g5 14. e6 Be5 15. Qd1 Nf4 16. Ne2 b6 17. Nxf4 Bxf4 18. Qh5 Kg7 19. Bh3 Qd6 20. Bf5 Rf6 21. Bxf4 Qxf4 22. Qg4 Qxg4+ 23. Bxg4 Rf4 24. f3 Kf6 25. Kg2 Bb7 26. c5 bxc5 27. Rac1 c6 28. dxc6 Bxc6 29. Kg3 Rd8 30. Rxc5 Bxe4 31. Rc4 Rd3 32. Rc3 Rxc3 33. bxc3 Bd5 34. a3 Bc6 35. Rb1 Kg6 36. Rb4 h5 37. Rxf4 gxf4+ 38. Kxf4 hxg4 39. fxg4 Bd5 40. Ke5 Bc4 41. h4 Bb3 42. g5 Kh5 43. Kf5 Kxh4 44. g6 Bc2+ 45. Ke5 Bxg6 46. c4 Kg5 47. c5 Be8 48. Kd5 Kf6 49. c6 Bh5 0-1

[Event "CZE-chT 9900"]
[Site "Czech Republic"]
[Date "1999.10.24"]
[Round "2"]
[White "Poloch, Petr"]
[Black "Tobyas, Miroslav"]
[Result "0-1"]
[WhiteElo "2331"]
[BlackElo "2300"]
[PlyCount "80"]
[EventDate "1999.10.23"]
[EventType "team-tourn"]
[EventRounds "11"]
[EventCountry "CZE"]
[SourceTitle "EXT 2019"]
[Source "ChessBase"]
[SourceDate "2018.10.10"]
[SourceVersion "1"]
[SourceVersionDate "2018.10.10"]
[SourceQuality "1"]
[WhiteTeam "Ostrava TJ Nova Hut"]
[BlackTeam "Praha Holdia"]
[WhiteTeamCountry "CZE"]
[BlackTeamCountry "CZE"]

1. e4 c5 2. Nf3 d6 3. Bc4 Nc6 4. 0-0 Nf6 5. d3 e6 6. Bb3 Be7 7. c3 0-0 8. Re1 e5 9. Nbd2 h6 10. Nf1 Re8 11. Ng3 Bf8 12. h3 b5 13. d4 Qc7 14. a4 b4 15. d5 Na5 16. cxb4 cxb4 17. Bc2 Ba6 18. b3 Rec8 19. Ra2 Nd7 20. Be3 Nc5 21. Rb2 Rab8 22. Qd2 Nxa4 23. bxa4 Nc4 24. Qe2 Nxb2 25. Qxa6 Qxc2 26. Rc1 Qxa4 27. Rxc8 Qxa6 28. Rxb8 Nc4 29. Nf5 Nxe3 30. fxe3 g6 31. Ne7+ Kg7 32. Nc6 Qa1+ 33. Kh2 a5 34. Rb5 b3 35. Rxb3 a4 36. Rb7 a3 37. Nd2 Qc3 38. Rb3 Qxd2 39. Rxa3 h5 40. Ra7 Qxe3 0-1

[Event "CZE-chT 9899"]
[Site "Czech Republic"]
[Date "1999.02.14"]
[Round "7"]
[White "Neckar, Lubomir"]
[Black "Tobyas, Miroslav"]
[Result "1-0"]
[WhiteElo "2343"]
[BlackElo "2340"]
[PlyCount "91"]
[EventDate "1998.10.31"]
[EventType "team-tourn"]
[EventRounds "11"]
[EventCountry "CZE"]
[SourceTitle "EXT 2019"]
[Source "ChessBase"]
[SourceDate "2018.10.10"]
[SourceVersion "1"]
[SourceVersionDate "2018.10.10"]
[SourceQuality "1"]
[WhiteTeam "Kolin SK Sokol"]
[BlackTeam "Praha Mladi"]
[WhiteTeamCountry "CZE"]
[BlackTeamCountry "CZE"]

1. Nf3 g6 2. d4 Bg7 3. g3 f5 4. Bg2 Nf6 5. 0-0 0-0 6. c4 d6 7. d5 e5 8. dxe6 Nc6 9. Ng5 Qe8 10. Nc3 h6 11. Nh3 Bxe6 12. Nd5 Qd7 13. Nhf4 Bf7 14. Nxf6+ Bxf6 15. Nd5 Bxd5 16. cxd5 Ne5 17. Bxh6 Rf7 18. Qc1 Qb5 19. Qc2 Ng4 20. Bc1 Re8 21. e3 Ne5 22. Rb1 Qd7 23. b3 Rh7 24. h3 Qg7 25. Bb2 Qh8 26. f4 Nd7 27. Bxf6 Nxf6 28. Rbe1 Ree7 29. Qb2 Kf7 30. h4 Qe8 31. Qd4 b6 32. Kh2 Ng4+ 33. Kh3 Nxe3 34. Rg1 Nxg2 35. Rxe7+ Qxe7 36. Kxg2 Qe2+ 37. Qf2 Qd3 38. Qf3 Qd2+ 39. Kh3 Qxa2 40. Re1 Kf8 41. Qe3 Rf7 42. Qc3 Kg8 43. Re8+ Rf8 44. Re6 Rf7 45. Rxg6+ Kh7 46. Rh6+ 1-0

[Event "CZE-chT2 9899"]
[Site "Czech Republic"]
[Date "1999.??.??"]
[Round "?"]
[White "Tobyas, Miroslav"]
[Black "Hrubant, Ivan"]
[Result "1/2-1/2"]
[WhiteElo "2310"]
[BlackElo "2165"]
[PlyCount "84"]
[EventDate "1998.??.??"]
[EventType "team"]
[EventRounds "11"]
[EventCountry "CZE"]
[SourceTitle "EXT 2000"]
[Source "ChessBase"]
[SourceDate "1999.11.16"]
[SourceVersion "1"]
[SourceVersionDate "1999.11.16"]
[SourceQuality "1"]

1. e4 e6 2. d4 d5 3. Nc3 Nf6 4. Bg5 Be7 5. e5 Nfd7 6. h4 a6 7. Qg4 Bxg5 8. hxg5 c5 9. g6 f5 10. Qf4 h6 11. Nf3 0-0 12. 0-0-0 Nc6 13. g4 fxg4 14. Qxg4 Qe8 15. dxc5 Ndxe5 16. Nxe5 Nxe5 17. Qg3 Rf5 18. Bh3 Rg5 19. Qe3 Qxg6 20. f4 Nc4 21. Qd4 Rg3 22. Ne2 Ne3 23. Rd3 e5 24. fxe5 Qg5 25. Bxc8 Rxc8 26. Kb1 Rf3 27. b4 Rcf8 28. Rg1 Rf1+ 29. Rxf1 Rxf1+ 30. Kb2 Nc4+ 31. Kc3 Qxe5 32. Qxe5 Nxe5 33. Rxd5 Rf3+ 34. Kd2 Nc4+ 35. Ke1 Rf1+ 36. Kxf1 Ne3+ 37. Kf2 Nxd5 38. a3 Kf7 39. c4 Ne7 40. Nf4 g5 41. Nd5 Ke6 42. b5 axb5 1/2-1/2

[Event "CZE-chT2 9899"]
[Site "Czech Republic"]
[Date "1999.??.??"]
[Round "?"]
[White "Tobyas, Miroslav"]
[Black "Rybak, Milan"]
[Result "0-1"]
[WhiteElo "2310"]
[BlackElo "2280"]
[PlyCount "76"]
[EventDate "1998.??.??"]
[EventType "team"]
[EventRounds "11"]
[EventCountry "CZE"]
[SourceTitle "EXT 2000"]
[Source "ChessBase"]
[SourceDate "1999.11.16"]
[SourceVersion "1"]
[SourceVersionDate "1999.11.16"]
[SourceQuality "1"]

1. e4 e5 2. Nf3 Nc6 3. Bc4 Nf6 4. d3 d5 5. exd5 Nxd5 6. 0-0 Bc5 7. Re1 0-0 8. Nxe5 Qh4 9. Qd2 Nf6 10. Nf3 Qh5 11. Qg5 Bg4 12. Qxh5 Bxh5 13. Nbd2 Rfe8 14. c3 Rxe1+ 15. Nxe1 Re8 16. Ndf3 Na5 17. Bb5 c6 18. Ba4 b5 19. Bc2 Bb6 20. d4 Nd5 21. Bd3 Bg6 22. Bxg6 hxg6 23. Nd3 f6 24. Kf1 g5 25. h3 Nc4 26. Nd2 Nd6 27. a4 Kf7 28. axb5 cxb5 29. Nc5 Kg6 30. Nd7 Nf4 31. Nf3 Nd3 32. Nxb6 axb6 33. d5 b4 34. Be3 Nc4 35. cxb4 Nxb4 36. Bd4 Nxd5 37. Rc1 Rc8 38. b3 Nce3+ 0-1

[Event "CZE-chT 9798"]
[Site "Czech Republic"]
[Date "1998.02.07"]
[Round "6"]
[White "Netusil, Miloslav"]
[Black "Tobyas, Miroslav"]
[Result "0-1"]
[WhiteElo "2285"]
[BlackElo "2310"]
[PlyCount "50"]
[EventDate "1997.11.15"]
[EventType "team-tourn"]
[EventRounds "11"]
[EventCountry "CZE"]
[SourceTitle "EXT 2019"]
[Source "ChessBase"]
[SourceDate "2018.10.10"]
[SourceVersion "1"]
[SourceVersionDate "2018.10.10"]
[SourceQuality "1"]
[WhiteTeam "Vysehrad SK Sokol"]
[BlackTeam "Praha Mladi"]
[WhiteTeamCountry "CZE"]
[BlackTeamCountry "CZE"]

1. b3 e5 2. Bb2 d6 3. e3 f5 4. f4 e4 5. d3 Nf6 6. Nd2 d5 7. dxe4 fxe4 8. Be2 Bc5 9. Nf1 a5 10. g4 0-0 11. g5 Ne8 12. Bg4 c6 13. c4 Na6 14. Bxc8 Qxc8 15. a3 dxc4 16. Qc2 Nd6 17. Ng3 Qe6 18. Qc3 Rf7 19. N1e2 cxb3 20. Nd4 Bxd4 21. Qxd4 Nf5 22. Qc3 Rd8 23. Qxa5 Rd5 24. Qb6 Nc5 25. Rb1 Nxe3 0-1

[Event "CZE-chT2 9899"]
[Site "Czech Republic"]
[Date "1998.??.??"]
[Round "?"]
[White "Kucera, Petr"]
[Black "Tobyas, Miroslav"]
[Result "1-0"]
[WhiteElo "2365"]
[BlackElo "2310"]
[PlyCount "109"]
[EventDate "1998.??.??"]
[EventType "team"]
[EventRounds "11"]
[EventCountry "CZE"]
[SourceTitle "EXT 2000"]
[Source "ChessBase"]
[SourceDate "1999.11.16"]
[SourceVersion "1"]
[SourceVersionDate "1999.11.16"]
[SourceQuality "1"]

1. e4 c5 2. Nf3 d6 3. Bb5+ Nd7 4. 0-0 a6 5. Bxd7+ Bxd7 6. h3 Nf6 7. Re1 g6 8. b3 Bg7 9. Bb2 0-0 10. d3 e5 11. c3 Re8 12. Nbd2 d5 13. c4 d4 14. Nf1 Nh5 15. Bc1 b5 16. Ng3 Nf4 17. Bxf4 exf4 18. Nf1 g5 19. N3d2 Qf6 20. Qh5 g4 21. hxg4 Re5 22. Qh3 h5 23. g5 Qe7 24. Qh4 Qxg5 25. Qxg5 Rxg5 26. Nf3 Rg6 27. N1d2 Bf6 28. Kh2 Kh7 29. cxb5 axb5 30. Rac1 Rc8 31. Rc2 Be6 32. Rec1 Be7 33. Rg1 Bd6 34. a4 bxa4 35. bxa4 Ra8 36. Nc4 Be7 37. Nfe5 Rg7 38. a5 f6 39. Nc6 Bf8 40. Nb6 Ra6 41. Rgc1 Bd6 42. Rxc5 f3+ 43. g3 h4 44. Nxd4 hxg3+ 45. fxg3 Bxg3+ 46. Kh1 Bg4 47. Nf5 Bf4 48. Nxg7 Bxc1 49. Rxc1 Kxg7 50. Rg1 f5 51. exf5 Kf6 52. Rxg4 Rxa5 53. Kg1 Ra3 54. Rd4 Kxf5 55. Kf2 1-0

[Event "CZE-chT 9798"]
[Site "Czech Republic"]
[Date "1997.11.15"]
[Round "1"]
[White "Prandstetter, Eduard"]
[Black "Tobyas, Miroslav"]
[Result "0-1"]
[WhiteElo "2385"]
[BlackElo "2310"]
[PlyCount "62"]
[EventDate "1997.11.15"]
[EventType "team-tourn"]
[EventRounds "11"]
[EventCountry "CZE"]
[SourceTitle "EXT 2019"]
[Source "ChessBase"]
[SourceDate "2018.10.10"]
[SourceVersion "1"]
[SourceVersionDate "2018.10.10"]
[SourceQuality "1"]
[WhiteTeam "Pardubice RC Sport"]
[BlackTeam "Praha Mladi"]
[WhiteTeamCountry "CZE"]
[BlackTeamCountry "CZE"]

1. e4 c5 2. Nf3 d6 3. d4 cxd4 4. Nxd4 Nf6 5. Nc3 g6 6. Be3 Bg7 7. f3 Nc6 8. Qd2 0-0 9. Bc4 Bd7 10. h4 Ne5 11. Bb3 Rc8 12. h5 Nc4 13. Bxc4 Rxc4 14. hxg6 fxg6 15. 0-0-0 Qc7 16. Kb1 Rc8 17. Nde2 Be6 18. g4 Qa5 19. Nd5 Qb5 20. c3 Bxd5 21. exd5 Nd7 22. Rc1 Ne5 23. Nf4 Nxf3 24. Qe2 Ne5 25. Qh2 h6 26. g5 h5 27. Qh3 Ng4 28. Bd2 Rxf4 29. Bxf4 Qxd5 30. Rc2 Rf8 31. Be3 Nxe3 0-1

[Event "CZE-chT2 9697"]
[Site "Czech Republic"]
[Date "1997.??.??"]
[Round "?"]
[White "Jurek, Josef"]
[Black "Tobyas, Miroslav"]
[Result "1/2-1/2"]
[WhiteElo "2395"]
[BlackElo "2290"]
[PlyCount "80"]
[EventDate "1996.??.??"]
[EventType "team"]
[EventRounds "11"]
[EventCountry "CZE"]
[SourceTitle "EXT 1998"]
[Source "ChessBase"]
[SourceDate "1997.11.17"]
[SourceVersion "1"]
[SourceVersionDate "1997.11.17"]
[SourceQuality "1"]

1. d4 d5 2. c4 dxc4 3. Nf3 Nf6 4. e3 Bg4 5. Bxc4 e6 6. 0-0 Nbd7 7. Nc3 c6 8. e4 Be7 9. Be3 0-0 10. a3 Bh5 11. h3 a5 12. Rc1 Qb8 13. Be2 Rd8 14. Qc2 b5 15. Bg5 e5 16. Rfd1 Bxf3 17. Bxf3 exd4 18. Rxd4 Ne5 19. Rxd8+ Bxd8 20. Be2 Bb6 21. Nd1 Qa7 22. Be3 Bxe3 23. Nxe3 Re8 24. a4 bxa4 25. Qxa4 Rb8 26. Qc2 Qd4 27. Nf5 Qxb2 28. Ne7+ Kf8 29. Nxc6 Qxc2 30. Rxc2 Nxc6 31. Rxc6 Nxe4 32. Bd3 Ng5 33. Rc5 Ne6 34. Rxa5 Rc8 35. g3 Rc3 36. Be4 Rc1+ 37. Kg2 Rc5 38. Ra8+ Ke7 39. Ra7+ Rc7 40. Ra8 h6 1/2-1/2

[Event "CZE-chT 9697"]
[Site "Czech Republic"]
[Date "1996.??.??"]
[Round "5"]
[White "Hlavnicka, Jiri"]
[Black "Tobyas, Miroslav"]
[Result "1/2-1/2"]
[WhiteElo "2205"]
[BlackElo "2290"]
[PlyCount "86"]
[EventDate "1996.??.??"]
[EventType "team-tourn"]
[EventRounds "11"]
[EventCountry "CZE"]
[SourceTitle "EXT 2019"]
[Source "ChessBase"]
[SourceDate "2018.10.10"]
[SourceVersion "1"]
[SourceVersionDate "2018.10.10"]
[SourceQuality "1"]
[WhiteTeam "Pardubice RC Sport"]
[BlackTeam "Praha Mladi"]
[WhiteTeamCountry "CZE"]
[BlackTeamCountry "CZE"]

1. d4 d5 2. Nf3 Bg4 3. Ne5 Bh5 4. c4 dxc4 5. Nc3 Nd7 6. Nxc4 e6 7. g3 c6 8. a4 a5 9. Bg2 Ngf6 10. 0-0 Nd5 11. h3 Be7 12. Qd2 0-0 13. e4 Nb4 14. g4 Bg6 15. f4 f6 16. Qe2 e5 17. fxe5 fxe5 18. Rxf8+ Bxf8 19. dxe5 Nxe5 20. Nxe5 Qd4+ 21. Be3 Qxe5 22. Rf1 Re8 23. Qc4+ Kh8 24. Bd4 Qg5 25. Qe2 h5 26. Be3 Bc5 27. Bxc5 Qxc5+ 28. Kh1 hxg4 29. Qxg4 Qd6 30. Rd1 Qe6 31. Qxe6 Rxe6 32. Rd7 b6 33. Rb7 c5 34. Nd5 Bxe4 35. Rb8+ Kh7 36. Bxe4+ Rxe4 37. Nxb6 Re2 38. Nc4 Rc2 39. Nxa5 Rxb2 40. Nc4 Rc2 41. Ne3 Re2 42. Nf5 Re5 43. Nd6 Re6 1/2-1/2

[Event "CZE-chT 9697"]
[Site "Czech Republic"]
[Date "1996.??.??"]
[Round "4"]
[White "Tobyas, Miroslav"]
[Black "Pachmann, Ales"]
[Result "1-0"]
[WhiteElo "2290"]
[BlackElo "2275"]
[PlyCount "127"]
[EventDate "1996.??.??"]
[EventType "team-tourn"]
[EventRounds "11"]
[EventCountry "CZE"]
[SourceTitle "EXT 2019"]
[Source "ChessBase"]
[SourceDate "2018.10.10"]
[SourceVersion "1"]
[SourceVersionDate "2018.10.10"]
[SourceQuality "1"]
[WhiteTeam "Praha Mladi"]
[BlackTeam "Praha Bohemians"]
[WhiteTeamCountry "CZE"]
[BlackTeamCountry "CZE"]

1. e4 c5 2. Nf3 e6 3. d4 cxd4 4. Nxd4 Nc6 5. Nc3 d6 6. Bc4 Nf6 7. Be3 a6 8. Qe2 Qc7 9. Bb3 Be7 10. 0-0-0 Na5 11. g4 b5 12. g5 Nxb3+ 13. axb3 Nd7 14. Nf5 exf5 15. Nd5 Qd8 16. exf5 Bb7 17. Rhe1 Bxd5 18. Rxd5 0-0 19. f6 Nxf6 20. gxf6 Bxf6 21. Qd2 Re8 22. Rxd6 Qe7 23. Rd5 Qc7 24. h4 Rac8 25. Rc5 Qb7 26. Rxc8 Rxc8 27. Bg5 Bxg5 28. hxg5 Qc6 29. Kb1 Qc5 30. f4 g6 31. Re5 Qc6 32. c3 Re8 33. Qd4 Rf8 34. Rd5 Qe6 35. Re5 Qc6 36. Rc5 Qe6 37. Re5 Qc6 38. c4 Rc8 39. c5 Qh1+ 40. Ka2 Qc6 41. Rd5 Qc7 42. b4 Re8 43. Rd7 Qc6 44. Rd6 Qc7 45. Qd5 a5 46. Qc6 Qxc6 47. Rxc6 axb4 48. Rb6 Re4 49. Rxb5 Rxf4 50. Kb3 Kf8 51. c6 Ke7 52. Rd5 Rf5 53. c7 Rxd5 54. c8Q Rxg5 55. Kxb4 h5 56. Kc3 Rg3+ 57. Kd4 Rg4+ 58. Ke3 f5 59. b4 h4 60. b5 h3 61. Qh8 g5 62. b6 Rb4 63. Qe5+ Kd7 64. Qd5+ 1-0

[Event "CZE-chT 9596"]
[Site "Czech Republic"]
[Date "1995.10.21"]
[Round "1"]
[White "Hajek, Michal"]
[Black "Tobyas, Miroslav"]
[Result "1-0"]
[WhiteElo "2300"]
[BlackElo "2315"]
[PlyCount "83"]
[EventDate "1995.10.21"]
[EventType "team-tourn"]
[EventRounds "11"]
[EventCountry "CZE"]
[SourceTitle "EXT 2019"]
[Source "ChessBase"]
[SourceDate "2018.10.10"]
[SourceVersion "1"]
[SourceVersionDate "2018.10.10"]
[SourceQuality "1"]
[WhiteTeam "Ostrava Labortech"]
[BlackTeam "Praha DP Tarok"]
[WhiteTeamCountry "CZE"]
[BlackTeamCountry "CZE"]

1. e4 e5 2. Nf3 Nc6 3. Bb5 a6 4. Ba4 Nf6 5. 0-0 b5 6. Bb3 Nxe4 7. Bd5 Nf6 8. Bxc6 dxc6 9. Nxe5 Bd6 10. d4 0-0 11. Nd2 c5 12. Ndf3 h6 13. Be3 Nd5 14. c3 Qe8 15. Re1 f6 16. Nd3 c4 17. Bf4 Qh5 18. Bxd6 cxd6 19. Nb4 Nf4 20. Re3 a5 21. Nc6 Bb7 22. d5 Rae8 23. Ncd4 Bxd5 24. Nxb5 Nxg2 25. Kxg2 Qg4+ 26. Kh1 Rxe3 27. Qxd5+ Qe6 28. Qxe6+ Rxe6 29. Nfd4 Re5 30. Nxd6 Rh5 31. Nxc4 Re8 32. Ne3 g6 33. a4 Rb8 34. Nb5 f5 35. Nd5 Kg7 36. Rg1 g5 37. Ne3 Kf6 38. Nc4 Rh4 39. b3 Re8 40. Nd4 Rc8 41. Re1 g4 42. Nxf5 1-0

[Event "CZE-chT 9495"]
[Site "Czech Republic"]
[Date "1994.11.12"]
[Round "3"]
[White "Zvara, Petr"]
[Black "Tobyas, Miroslav"]
[Result "0-1"]
[WhiteElo "2315"]
[BlackElo "2305"]
[PlyCount "94"]
[EventDate "1994.10.15"]
[EventType "team-tourn"]
[EventRounds "9"]
[EventCountry "CZE"]
[SourceTitle "EXT 2019"]
[Source "ChessBase"]
[SourceDate "2018.10.10"]
[SourceVersion "1"]
[SourceVersionDate "2018.10.10"]
[SourceQuality "1"]
[WhiteTeam "Praha Bohemians"]
[BlackTeam "Praha DP Tarok"]
[WhiteTeamCountry "CZE"]
[BlackTeamCountry "CZE"]

1. e4 c5 2. Nf3 Nc6 3. d4 cxd4 4. Nxd4 Nf6 5. Nc3 g6 6. Be2 Bg7 7. Nb3 0-0 8. 0-0 d6 9. f4 b5 10. a3 Qb6+ 11. Kh1 a5 12. Qe1 a4 13. Nd2 b4 14. Nc4 Qc7 15. axb4 Nxb4 16. Na3 Bd7 17. Be3 Rfb8 18. Rd1 Na6 19. e5 dxe5 20. fxe5 Qxe5 21. Bf4 Qc5 22. Bxb8 Nxb8 23. Bb5 Bxb5 24. Rd8+ Be8 25. Ne4 Qc6 26. Nxf6+ Bxf6 27. Rxf6 Qxf6 28. Rxe8+ Kg7 29. Nc4 a3 30. bxa3 Ra4 31. Nd2 Nc6 32. h3 Rxa3 33. Nb3 Ra2 34. Qe4 Qd6 35. Rc8 Qd1+ 36. Kh2 Qd6+ 37. Kh1 Nb4 38. Rc4 Qd1+ 39. Kh2 Qd6+ 40. Kg1 Nxc2 41. Nc1 Rb2 42. Nd3 Rb1+ 43. Kf2 Qf6+ 44. Ke2 Na3 45. Rc6 e6 46. h4 Nb5 47. Rc5 Nc3+ 0-1

[Event "Pardubice op"]
[Site "Pardubice"]
[Date "1994.??.??"]
[Round "8"]
[White "Jaracz, Pawel"]
[Black "Tobyas, Miroslav"]
[Result "1-0"]
[WhiteElo "2415"]
[BlackElo "2305"]
[PlyCount "79"]
[EventDate "1994.07.??"]
[EventType "swiss"]
[EventRounds "9"]
[EventCountry "CZE"]
[SourceTitle "EXT 1997"]
[Source "ChessBase"]
[SourceDate "1996.11.15"]
[SourceVersion "1"]
[SourceVersionDate "1996.11.15"]
[SourceQuality "1"]

1. e4 c5 2. Nf3 d6 3. d4 cxd4 4. Nxd4 Nf6 5. Nc3 g6 6. Be2 Bg7 7. 0-0 0-0 8. Kh1 Nc6 9. Nb3 Be6 10. f4 Qc8 11. Bf3 Bc4 12. Re1 Rd8 13. Nd5 e6 14. Nxf6+ Bxf6 15. c3 e5 16. g3 Bg7 17. Nd2 Be6 18. Nf1 Ne7 19. Ne3 exf4 20. gxf4 Qc5 21. Nc2 d5 22. e5 Nf5 23. Nd4 Nxd4 24. cxd4 Qb5 25. a4 Qd7 26. Bd2 Rac8 27. Rg1 Rc4 28. Bc3 Bh6 29. Qd2 Rxa4 30. Raf1 Rc4 31. h4 Qe7 32. Qh2 b5 33. h5 Bg7 34. Bg4 b4 35. Be1 Bxg4 36. Rxg4 Rxd4 37. Bh4 Qd7 38. e6 Qxe6 39. f5 Qe2 40. Qxe2 1-0

[Event "CZE-chT 9394"]
[Site "Czech Republic"]
[Date "1993.11.28"]
[Round "2"]
[White "Zvolanek, Libor"]
[Black "Tobyas, Miroslav"]
[Result "1/2-1/2"]
[WhiteElo "2375"]
[BlackElo "2285"]
[PlyCount "110"]
[EventDate "1994.11.27"]
[EventType "team-tourn"]
[EventRounds "9"]
[EventCountry "CZE"]
[SourceTitle "EXT 2019"]
[Source "ChessBase"]
[SourceDate "2018.10.10"]
[SourceVersion "1"]
[SourceVersionDate "2018.10.10"]
[SourceQuality "1"]
[WhiteTeam "Grygov A64 Valoz"]
[BlackTeam "Praha DP Tarok"]
[WhiteTeamCountry "CZE"]
[BlackTeamCountry "CZE"]

1. d4 Nf6 2. Nf3 g6 3. c4 Bg7 4. Nc3 d5 5. cxd5 Nxd5 6. e4 Nxc3 7. bxc3 0-0 8. Be2 c5 9. Rb1 Qa5 10. 0-0 Qxa2 11. Bg5 Qe6 12. Qc2 Nd7 13. Bh4 h6 14. h3 Rd8 15. Kh1 Nf6 16. e5 Nd5 17. Bc4 Qf5 18. Qxf5 Bxf5 19. Rxb7 g5 20. Bg3 e6 21. Bxd5 Rxd5 22. Ra1 Be4 23. Raxa7 Rxa7 24. Rxa7 Bxf3 25. gxf3 cxd4 26. cxd4 Rxd4 27. Ra5 Kh7 28. Kg2 Kg6 29. Kf1 Rd5 30. Rxd5 exd5 31. f4 Kf5 32. fxg5 hxg5 33. f3 Bxe5 34. Bf2 Bc3 35. Ke2 Be5 36. Be3 Bf4 37. Bf2 Be5 38. Be3 Bg3 39. Kd3 Bf4 40. Bf2 Be5 41. Be3 Bc7 42. Ke2 Kg6 43. Kd3 Kh5 44. Bf2 f5 45. Kc3 Kg6 46. Kd3 Be5 47. Be1 Kf7 48. Bd2 Bf6 49. Be3 Ke6 50. Bc5 Bd8 51. Bd4 Bc7 52. Be3 Kf6 53. Kc3 Kg6 54. Bf2 Kh5 55. Kd3 Ba5 1/2-1/2